000 00776cam a2200205 4500
001 WB3831-39
008 020828n2002 000 0 eng u
035 _a(Sirsi) u119458
245 _aHill farming payment rise
260 _c2002
490 _aDEFRA News Release
_v(347/03) 27 August 2002, (2)
520 _aDEFRA has announced plans to increase payments to hill farms in England's upland areas under the Hill Farm Allowance (HFA). The HFA budget for 2003 will increase from £37.4m to £41.1m subject to formal approval from the European Commission. www.defra.gov.uk/news/2002/020827a.htm
590 _aWB
650 _aHILL FARM ALLOWANCE
650 _aUPLANDS
650 _aHILL FARMING
650 _aGOVERNMENT AID
690 _aRural
_96268
942 _n0
999 _c71023
_d71023